Riadenie kolektívov uplatňujúcich BFOPO Seminárny kurz

Saved in:
Bibliographic Details
Format: Book
Language:Slovak
Published: Bratislava Dom techn. ČSVTS 1989
Edition:1. vyd.
Tags: Add Tag
No Tags, Be the first to tag this record!

MARC

LEADER 00000nam a2200000 4500
001 c040301
005 20260121072059.1
041 0 |a slo 
044 |a SK 
245 1 0 |a Riadenie kolektívov uplatňujúcich BFOPO  |b Seminárny kurz 
250 |a 1. vyd. 
264 1 |a Bratislava  |b Dom techn. ČSVTS  |c 1989 
300 |a 29 s.